000 00699nam a22002297a 4500
003 UA-OsUOA
001 20577
007 ta
008 20031101b un ||||| |||| 00| 0 ukr d
090 _a913(470+571)
_bЧ-49
942 _cBK
040 _aUA-OsUOA
_brus
_cUA-OsUOA
_dUA-OsUOA
245 _aЧерноморское побережье Кавказа
_bФотоальбом
_cМ.Бойко
300 _a40 с.
_bІлюстрації
955 _a0
041 _arus
080 _a913(470+571)
260 _aМосква
_bГосударственное издательство Изобразительного искусства
_c1963
044 _aRU
650 7 _2UDC
999 _c306757
_d306757